000 01022cam a22002774a 4500
001 14922
003 BD-RjUL
005 20211208235722.0
008 140208s2003 nyua b 001 0 eng
020 _a0195115988
035 _a(BD-RjUL)14976
040 _aDLC
_cDLC
_dBD-RjUL
_beng
041 _aeng
082 0 0 _a631.4
_221
_bJUT 2003
100 1 _aJuo, A. S. R.
_946461
245 1 0 _aTropical soils :
_bproperties and management for sustainable agriculture /
_cAnthony S. R. Juo, Kathrin Franzluebbers.
260 _aNew York ; N.Y. :
_bOxford University Press,
_cc2003.
300 _aix, 281 p. :
_billus. ;
_c24 cm.
504 _aIncludes bibliography and index.
650 0 _aSoils
_xTropics.
_946462
650 0 _aSustainable agriculture
_zTropics.
_946463
700 1 _aFranzluebbers, Kathrin.
_946464
856 4 1 _3Table of contents only
_uhttp://www.loc.gov/catdir/toc/fy043/2002010390.html
856 4 2 _3Publisher description
_uhttp://www.loc.gov/catdir/enhancements/fy0612/2002010390-d.html
942 _2ddc
_cBK
999 _c14922
_d14922